Normal view
MARC view
Entry Nombre geográfico
001 - NÚMERO DE CONTROL
- campo de control: 82955
003 - IDENTIFICADOR DEL NÚMERO DE CONTROL
- campo de control: DO-SdBNP
005 - FECHA Y HORA DE LA ÚLTIMA TRANSACCIÓN
- campo de control: 20221201141154.0
008 - DATOS DE LONGITUD FIJA
- campo de control de longitud fija: 221201|| aca||aabn | a|a d
040 ## - FUENTE DE LA CATALOGACIÓN
- Centro catalogador/agencia de origen: DO-SdBNP
- Centro/agencia transcriptor: DO-SdBNP
151 ## - ENCABEZAMIENTO--NOMBRE GEOGRÁFICO
- Nombre geográfico: República Dominicana
- Subdivisión de forma: Premios Soberano
- Subdivisión general: Premios y Reconocimientos de las Artes Escénicas
- Subdivisión cronológica: 1984 - 2022
670 ## - FUENTE DE DATOS ENCONTRADOS
- Cita de la fuente: Work cat.: (DO-SdBNP)53045: Tres décadas de historia: , 2022
